[Event "FICGS class E 000121 email"]
[Site "FICGS email"]
[Date "2010.04.04"]
[Round "1"]
[White "Sandhu, Gobinder"]
[Black "Gramajo, Francisco"]
[Result "1-0"]
[WhiteElo "1378"]
[BlackElo "1250"]
[PlyCount "61"]
[EventDate "2010.??.??"]
[EventType "tourn (corr)"]
[EventRounds "6"]
[SourceTitle "Corr 2013"]
[Source "ChessBase"]
[SourceDate "2012.11.12"]
[SourceVersion "1"]
[SourceVersionDate "2012.11.12"]
[SourceQuality "1"]

1. d4 g6 2. Nf3 Bg7 3. Bf4 d5 4. e3 Bg4 5. Bd3 Nf6 6. 0-0 Nbd7 7. Nbd2 b6 8. c4 0-0 9. h3 Bxf3 10. Nxf3 c6 11. Nh2 e6 12. Qc2 a5 13. cxd5 cxd5 14. Rac1 Qe7 15. Qa4 Nh5 16. Rc7 Nhf6 17. Bg5 Qd6 18. Bf4 Qe7 19. Bb5 Rad8 20. Rfc1 Qe8 21. Bd6 h5 22. Bxf8 Bxf8 23. Rb7 Qe7 24. Rcc7 Qd6 25. Bxd7 e5 26. Bb5 exd4 27. Qxd4 Bg7 28. Rxf7 Qxh2+ 29. Kxh2 Ng4+ 30. Qxg4 hxg4 31. Rxg7+ 1-0

[Event "FICGS class C 000059 email"]
[Site "FICGS email"]
[Date "2007.09.14"]
[Round "1"]
[White "Livenais, Jean Rene"]
[Black "Sandhu, Gobinder"]
[Result "1-0"]
[WhiteElo "1724"]
[BlackElo "1700"]
[PlyCount "37"]
[EventDate "2007.??.??"]
[EventType "tourn (corr)"]
[EventRounds "4"]
[SourceTitle "Corr 2022"]
[Source "ChessBase"]
[SourceDate "2021.10.24"]
[SourceVersion "1"]
[SourceVersionDate "2021.10.24"]
[SourceQuality "1"]

1. e4 e5 2. Nf3 d6 3. d4 exd4 4. Nxd4 Be7 5. Bc4 Nf6 6. Nc3 0-0 7. 0-0 c6 8. Re1 Nbd7 9. a4 c5 10. Nf5 Nb6 11. Bf1 Bxf5 12. exf5 a6 13. a5 Nbd7 14. f4 Nb8 15. g4 Ne8 16. g5 f6 17. Nd5 Nc6 18. Qe2 fxg5 19. Nxe7+ 1-0

[Event "FICGS class D 000058 email"]
[Site "FICGS email"]
[Date "2007.09.10"]
[Round "1"]
[White "Sandhu, Gobinder"]
[Black "Kis Kos, Laszlo"]
[Result "0-1"]
[WhiteElo "1700"]
[BlackElo "1546"]
[PlyCount "42"]
[EventDate "2007.??.??"]
[EventType "tourn (corr)"]
[EventRounds "6"]
[SourceTitle "Corr 2022"]
[Source "ChessBase"]
[SourceDate "2021.10.24"]
[SourceVersion "1"]
[SourceVersionDate "2021.10.24"]
[SourceQuality "1"]

1. d4 Nf6 2. Bf4 e6 3. e3 d5 4. Nf3 c5 5. Bxb8 Rxb8 6. c3 Bd7 7. Be2 Qb6 8. Qd2 Bd6 9. 0-0 0-0 10. b3 Qc7 11. g3 b5 12. Nh4 cxd4 13. cxd4 Rfc8 14. Bd3 e5 15. Nf5 e4 16. Nxd6 Qxd6 17. Be2 Bh3 18. Rc1 Rxc1+ 19. Qxc1 Rc8 20. Qd1 a6 21. a4 b4 0-1